00378nam a2200157Ia 45000010006000000050017000060080041000230410008000640820017000721000048000892450030001372600009001673000028001766500008002046540008002122141520260306172917.0260306t2000||||xx |||||||||||||| ||spa|| aESP a344.83EbA11 aAbanto Vásquez, Manuel A. [1963-...]eAUT 0aDerecho penal económico c2000 a531 páginas :c20 cm. aGEN aCDE